Моделирование процесса перемешивания струйным методом жидких радиоактивных отходов в прямоугольных емкостях; Известия Томского политехнического университета [Известия ТПУ]; Т. 322, № 2 : Математика и механика. Физика
| Parent link: | Известия Томского политехнического университета [Известия ТПУ]/ Томский политехнический университет (ТПУ).— , 2000- Т. 322, № 2 : Математика и механика. Физика.— 2013.— [С. 178-181] |
|---|---|
| Další autoři: | , , , |
| Shrnutí: | Заглавие с титульного листа Электронная версия печатной публикации Рассмотрен процесс перемешивания жидких радиоактивных отходов в прямоугольных емкостях при вертикальном расположении сопел. На основе теории подобия проведено моделирование процесса. Определены конструктивные характеристики перемешивающих устройств; скоростные характеристики раствора при истечении из перемешивающих устройств; условия взвешивания частиц в слабосолевых растворах с целью определения времени перемешивания струйным методом. |
| Jazyk: | ruština |
| Vydáno: |
2013
|
| Edice: | Математика и механика. Физика |
| Témata: | |
| On-line přístup: | http://earchive.tpu.ru/bitstream/11683/4696/1/bulletin_tpu-2013-322-2-41.pdf |
| Médium: | MixedMaterials Elektronický zdroj Kapitola |
| KOHA link: | https://koha.lib.tpu.ru/cgi-bin/koha/opac-detail.pl?biblionumber=235887 |
MARC
| LEADER | 00000nla2a2200000 4500 | ||
|---|---|---|---|
| 001 | 235887 | ||
| 005 | 20231031204449.0 | ||
| 035 | |a (RuTPU)RU\TPU\book\257030 | ||
| 035 | |a RU\TPU\book\257027 | ||
| 090 | |a 235887 | ||
| 100 | |a 20130417d2013 k y0rusy50 ca | ||
| 101 | 0 | |a rus | |
| 102 | |a RU | ||
| 135 | |a drnn ---uucaa | ||
| 181 | 0 | |a i | |
| 182 | 0 | |a b | |
| 200 | 1 | |a Моделирование процесса перемешивания струйным методом жидких радиоактивных отходов в прямоугольных емкостях |b Электронный ресурс |f А. В. Балясников [и др.] | |
| 203 | |a Текст |c электронный | ||
| 215 | |a 1 файл (273 Кб) | ||
| 225 | 1 | |a Математика и механика. Физика | |
| 230 | |a Электронные текстовые данные (1 файл : 273 Кб) | ||
| 300 | |a Заглавие с титульного листа | ||
| 300 | |a Электронная версия печатной публикации | ||
| 320 | |a [Библиогр.: с. 181 (10 назв.)] | ||
| 330 | |a Рассмотрен процесс перемешивания жидких радиоактивных отходов в прямоугольных емкостях при вертикальном расположении сопел. На основе теории подобия проведено моделирование процесса. Определены конструктивные характеристики перемешивающих устройств; скоростные характеристики раствора при истечении из перемешивающих устройств; условия взвешивания частиц в слабосолевых растворах с целью определения времени перемешивания струйным методом. | ||
| 337 | |a Adobe Reader | ||
| 461 | 1 | |0 (RuTPU)RU\TPU\book\176237 |t Известия Томского политехнического университета [Известия ТПУ] |f Томский политехнический университет (ТПУ) |d 2000- | |
| 463 | 1 | |0 (RuTPU)RU\TPU\book\256813 |x 1684-8519 |t Т. 322, № 2 : Математика и механика. Физика |v [С. 178-181] |d 2013 |p 206 с. | |
| 610 | 1 | |a емкостное оборудование | |
| 610 | 1 | |a перемешивающие устройства | |
| 610 | 1 | |a сопла | |
| 610 | 1 | |a моделирование | |
| 610 | 1 | |a электронный ресурс | |
| 701 | 1 | |a Балясников |b А. В. |g Александр Валерьевич | |
| 701 | 1 | |a Зарипова |b Л. Ф. |g Людмила Федоровна | |
| 701 | 1 | |a Пищулин |b В. П. |g Владимир Петрович | |
| 701 | 1 | |a Сваровский |b А. Я. |g Александр Яковлевич | |
| 801 | 1 | |a RU |b 63413507 |c 20090623 |g PSBO | |
| 801 | 2 | |a RU |b 63413507 |c 20220126 |g PSBO | |
| 856 | 4 | |u http://earchive.tpu.ru/bitstream/11683/4696/1/bulletin_tpu-2013-322-2-41.pdf | |
| 942 | |c CF | ||